| 000 | 00347pab a2200145 454500 | ||
|---|---|---|---|
| 008 | 180718b1996 xxu||||| |||| 00| 0 eng d | ||
| 100 | _aJacobson, Marjory | ||
| 245 | _aArt and business in a brave new world | ||
| 260 | _c1996 | ||
| 300 | _ap.243-48 | ||
| 362 | _aMay | ||
| 650 | _aArt and aesthetics | ||
| 773 | _aOrganization | ||
| 909 | _a35097 | ||
| 999 |
_c35097 _d35097 |
||